000 01056nam a22003135c 4500
001 60237
003 CO-BoRNBP
005 20251216225802.0
007 ta
008 150727s g 000 0dspa d
020 _a9789962041825
040 _aCO-BoRNBP
_bspa
_erda
_cCO-BoRNBP
041 _aspa
082 0 4 _a646.72
_bU51u
084 _a0
245 1 0 _aUñas con estilo :
_búltimas tendencias /
_c[control de textos, Viviana Lucía Gómez].
250 _aEdición especial para El Ministerio de Cultura, Biblioteca Nacional de Colombia
264 1 _aPanamá :
_bLexus,
_c2015
300 _a111 páginas :
_bilustraciones
336 _atexto
_btxt
_2rdacontent
337 _asin mediación
_bn
_2rdamedia
338 _avolumen
_bnc
_2rdacarrier
521 _aRecomendado para jóvenes y adultos
650 0 7 _aManicura
_vManuales, vademécum, etc
_2lemb
_968093
650 0 7 _aUñas artificiales
_xCuidado e higiene
_2lemb
_968094
650 0 7 _aUñas
_xTrabajos decorativos
_2lemb
_968095
700 1 0 _aGómez, Viviana Lucía
_968096
942 _2ddc
_cBK
999 _c60237
_d60237